| 000 | 00544nam a2200121Ia 4500 | ||
|---|---|---|---|
| 008 | 171212s9999 xx 000 0 und d | ||
| 100 | _aSpurr, David | ||
| 245 |
_cSpurr, David _aArchitecture and Modern Literature |
||
| 260 |
_bUniversity of Michigan Press _c2012 |
||
| 650 | _aArchitecture and literature; Space perception in literature; Literature, Modern -- 19th century -- History and criticism; Literature, Modern -- 20th century -- History and criticism | ||
| 650 | _aLanguage & Literature | ||
| 856 | _uhttp://jstor.org/stable/j.ctt1qv5nb5 | ||
| 999 |
_c352991 _d352991 |
||